000 00634nam a2200205Ia 4500
003 GCL
008 140319s9999 xx 000 0 ara d
040 _aGCL /
_cGCL
082 0 4 _a621.877
_bع م
100 1 _aعلى حسن حسان
245 1 0 _aالمصاعد الكهربائية وصيانتها /
_cعلى حسن حسان
700 1 _aسميح الجابى(مراجع)
260 _a[S.N] :
_bدار طلاس للدراسات والترجمة ،
_c1989
300 _a235 ص
490 _a
650 0 4 _aالصيانة
650 0 4 _aالهندسة الميكانيكية
650 0 4 _aالمصاعد
942 _2ddc
_cBK
999 _c51924
_d51924